[Event "Bronshoj Lang Weekend 2017"]
[Site "Bronshoj"]
[Date "2017.02.12"]
[Round "5"]
[White "Grove, Peter"]
[Black "Rasmussen, Steen Hulthin"]
[Result "0-1"]
[WhiteElo "2170"]
[BlackElo "1880"]
[PlyCount "162"]
[EventDate "2017.02.??"]
[EventType "swiss"]
[EventRounds "7"]
[EventCountry "DEN"]

1. e4 d5 2. exd5 Qxd5 3. Nc3 Qa5 4. d4 Nf6 5. Bd2 c6 6. Bc4 Bf5 7. Qe2 e6 8.
Nf3 Be7 9. Ne5 Nbd7 10. O-O-O O-O 11. Nxd7 Nxd7 12. Nd5 Qd8 13. Nxe7+ Qxe7 14.
g4 Bg6 15. h4 h6 16. f4 Nb6 17. Bb3 c5 18. f5 Bh7 19. dxc5 Qxc5 20. fxe6 fxe6
21. Qxe6+ Kh8 22. Bc3 Rae8 23. Qxh6 Qxc3 24. Qxh7+ Kxh7 25. bxc3 Re2 26. h5 Rg2
27. Be6 Rff2 28. Bf5+ Kh6 29. Rd6+ Kg5 30. Rd4 Nc8 31. Re1 b5 32. Rd5 Kh4 33.
Rh1+ Kg3 34. g5 Ne7 35. Be4 Nxd5 36. Bxd5 Rxc2+ 37. Kb1 Rh2 38. Rg1+ Kf4 39. h6
g6 40. Bf7 Rb2+ 41. Ka1 Kf5 42. h7 Rbf2 43. Bg8 a5 44. Kb1 Rf3 45. a4 b4 46.
cxb4 axb4 47. a5 Ra3 48. Rg2 Rh1+ 49. Kb2 Rxa5 50. Bc4 Ra3 51. Bb3 Rxh7 52.
Bc2+ Kf4 53. Bxg6 Rg7 54. Bc2 Rxg5 55. Re2 Re5 56. Rh2 Kg5 57. Rg2+ Kf4 58. Rh2
Rg3 59. Rh4+ Rg4 60. Rh3 Re3 61. Rh8 Kg3 62. Rb8 Kf2 63. Bd1 Rd4 64. Bc2 Re2
65. Kb3 Ke1 66. Rc8 Re3+ 67. Kb2 Rd2 68. Kc1 Rde2 69. Rh8 Rc3 70. Rh1+ Kf2 71.
Kd1 Rcxc2 72. Rh2+ Ke3 73. Rh3+ Kd4 74. Rd3+ Kc4 75. Rd4+ Kc3 76. Rd3+ Kb2 77.
Rb3+ Ka1 78. Rb1+ Ka2 79. Ra1+ Kb3 80. Ra3+ Kc4 81. Rc3+ Rxc3 0-1